000
00334pab a2200145 454500
008
180718b1998 xxu||||| |||| 00| 0 eng d
100
_a
Trikha, N.K.
245
_a
The status of the editor
260
_c
1998
300
_a
p.72-76
362
_a
Jan
650
_a
Editors
773
_a
Press Council of India Review
909
_a
39152
999
_c
39152
_d
39152